Most Overrated NBA Players by Picture - Statistics

General Stats
  • This quiz has been taken 110 times
  • The average score is 15 of 16
Answer Stats
Picture Answer % Correct
LeBron James
100%
Bronny James
99%
LaMelo Ball
99%
Joel Embiid
96%
Trae Young
96%
Ja Morant
95%
Draymond Green
94%
Zion Williamson
94%
Austin Reaves
91%
Jalen Brunson
91%
Paul George
91%
Rudy Gobert
90%
Tyler Herro
90%
Kyle Kuzma
83%
Michael Porter Jr.
80%
Bradley Beal
77%
No matching quizzes found
Score Distribution
Percent of People with Each Score
Percentile by Number Answered
Your Score History
You have not taken this quiz